[Event "Swedish Elitserien 2021-22"]
[Site "Sodertalje"]
[Date "2022.05.15"]
[Round "9.11"]
[White "Eriksson, Johan"]
[Black "Rothen, Hakan"]
[Result "1/2-1/2"]
[WhiteElo "2385"]
[BlackElo "2228"]
[Annotator "TA"]
[PlyCount "55"]
[EventDate "2022.05.13"]
[EventType "team-tourn"]
[EventCountry "SWE"]
[SourceTitle "playchess.com"]
[Source "ChessBase"]
[SourceQuality "1"]

{[%evp 9,55,13,21,14,19,8,32,13,26,-6,-10,-19,-6,-15,6,-4,18,0,0,-8,-3,-20,-8,-8,24,17,39,-21,0,-31,0,-55,-47,-117,-95,-121,-69,-135,-24,-27,-22,-52,0,0,0,0,0,0]} 1. c4 {[%emt 0:00:02]} e6 {[%emt 0:00:25]} 2. g3 {[%emt 0:00:11]} d5 {[%emt 0:00:49]} 3. Bg2 {[%emt 0:00:07]} a6 {[%emt 0:01:26]} 4. b3 {[%emt 0:07:36]} Nf6 {[%emt 0:05:57]} 5. Bb2 {[%emt 0:00:47]} Be7 {[%emt 0:00:52]} 6. Nf3 {[%emt 0:00:12] A13: English Opening: 1...e6.} O-O {[%emt 0:00:23]} 7. O-O {[%emt 0:00:12]} b5 {[%emt 0:05:18]} 8. Qc2 {[%emt 0:03:59] White is slightly better.} Bb7 {[%emt 0:11:44] [#]} 9. Rc1 $146 {[%emt 0:03:03]} ({Predecessor:} 9. d4 Nc6 10. Nbd2 Nb4 11. Qc1 dxc4 12. bxc4 bxc4 13. Nxc4 c5 14. Rd1 Qc7 15. dxc5 Qxc5 {½-½ (30) Juhasz,K (2350)-Boensch,U (2528) Austria 2012}) 9... c5 $1 {[%emt 0:07:03]} 10. cxd5 {[%emt 0:03:25]} Nxd5 {[%emt 0:04:15]} 11. Nc3 {[%emt 0:03:15]} Nd7 {[%emt 0:01:54]} 12. Nxd5 {[%emt 0:02:50]} exd5 {[%emt 0:01:23]} 13. d4 {[%emt 0:09:38][%cal Rd4c5]} (13. a4 {with more complications.} Rc8 14. axb5 axb5 15. Qf5) 13... c4 {[%emt 0:01:00]} 14. bxc4 {[%emt 0:03:47]} dxc4 {[%emt 0:03:44]} 15. Rd1 $1 {[%emt 0:05:40][%cal Of3g5]} Qb6 {[%emt 0:04:41]} 16. d5 {[%emt 0:02:42]} Bc5 {[%emt 0:02:51]} 17. e3 {[%emt 0:03:24]} ({Much weaker is} 17. Ng5 Bxf2+ 18. Kh1 Qg6 19. Qxg6 hxg6 $17) 17... Rac8 {[%emt 0:01:53]} 18. Nh4 {[%emt 0:10:46] Inhibits Qg6.} (18. a4 $14) 18... Rfe8 $11 {[%emt 0:04:03]} 19. Nf5 {[%emt 0:05:26]} f6 {[%emt 0:07:55]} 20. Qe2 {[%emt 0:07:57]} ({White should try} 20. h4 $11) 20... Ne5 $1 $15 {[%emt 0:08:07]} 21. Be4 {[%emt 0:05:14]} (21. Nd4 $15) 21... Rcd8 $17 {[%emt 0:01:57]} 22. Rac1 {[%emt 0:02:09]} Bc8 {[%emt 0:05:22]} (22... g6 $17 23. Nh4 Qd6) 23. Nd4 {[%emt 0:05:58]} ({White should play} 23. Qc2 $15) 23... Bxd4 {[%emt 0:03:47]} (23... Bg4 $17 24. Qc2 (24. f3 $2 f5 $19) 24... b4 25. Bxh7+ Kf8 26. Ne6+ Bxe6 27. Bxe5 (27. dxe6 c3 $17) 27... Bxd5) 24. Bxd4 $11 {[%emt 0:00:51]} Qd6 {[%emt 0:00:12] White must now prevent ...Bg4.} 25. Rd2 {[%emt 0:03:47][%cal Oa2a4]} Nd3 {[%emt 0:01:42]} (25... Bg4 $15 26. Bxe5 Qxe5 27. Bxh7+ Kxh7 28. Qxg4 Rxd5 29. Rxd5 Qxd5) 26. Bxd3 {[%emt 0:00:53] The position is equal.} cxd3 {[%emt 0:02:19]} 27. Qxd3 {[%emt 0:00:22]} Qxd5 {[%emt 0:00:23]} 28. Qb3 {[%emt 0:00:29] Weighted Error Value: White=0.22 (precise) /Black=0.23 (precise)} 1/2-1/2

[Event "Swedish Elitserien 2021-22"]
[Site "Sodertalje"]
[Date "2022.05.15"]
[Round "9.12"]
[White "Lukez, Franko"]
[Black "Glimbrant, Torbjorn"]
[Result "1-0"]
[WhiteElo "2265"]
[BlackElo "2219"]
[Annotator "TA"]
[PlyCount "91"]
[EventDate "2022.05.13"]
[EventType "team-tourn"]
[EventCountry "SWE"]
[SourceTitle "playchess.com"]
[Source "ChessBase"]
[SourceQuality "1"]

{[%evp 13,91,-19,18,-10,-23,-35,-20,-43,-8,-14,-10,-11,0,-5,9,12,26,17,33,28,14,0,0,4,26,2,18,0,17,16,36,0,20,12,33,19,40,43,129,135,137,143,122,139,139,162,165,167,210,204,643,643,616,627,495,38,38,38,64,45,52,56,102,96,446,446,437,421,495,435,29974,29976,29978,5102,29976,29977,29974,29975,29984,29985]} 1. Nf3 {[%emt 0:00:03]} Nf6 {[%emt 0:00:38]} 2. g3 {[%emt 0:00:48]} g6 {[%emt 0:00:25]} 3. Bg2 {[%emt 0:00:31]} Bg7 {[%emt 0:00:09]} 4. O-O {[%emt 0:00:12]} O-O {[%emt 0:00:07]} 5. c4 {[%emt 0:00:21]} c6 {[%emt 0:00:16]} 6. d3 {[%emt 0:00:45]} d5 {[%emt 0:00:21]} 7. Qc2 {[%emt 0:00:13]} Nbd7 {[%emt 0:04:24]} 8. Nbd2 {[%emt 0:05:43] A11: English Opening: 1...c6.} e5 {[%emt 0:00:46]} 9. Rb1 {[%emt 0:05:31]} Re8 {[%emt 0:02:55]} 10. e4 {[%emt 0:01:10] The position is equal.} dxe4 {[%emt 0:09:00]} 11. Nxe4 {[%emt 0:01:17]} Nxe4 {[%emt 0:01:16]} 12. dxe4 {[%emt 0:00:04]} Nc5 {[%emt 0:00:26][%cal Oc5e4]} 13. Rd1 {[%emt 0:02:59]} Qc7 {[%emt 0:10:11][%cal Oc5e4]} 14. Be3 {[%emt 0:01:31]} Ne6 {[%emt 0:05:31]} 15. c5 {[%emt 0:16:11]} b6 {[%emt 0:18:59]} 16. b4 {[%emt 0:06:41] [#]} bxc5 $146 {[%emt 0:00:28]} ({Predecessor:} 16... Ba6 17. h4 Rad8 18. Rbc1 Rxd1+ 19. Rxd1 Bf8 20. Bh3 Bc8 21. Kh2 bxc5 22. bxc5 h6 {1-0 (37) Baeuml,U (2071)-Kannenberg,K (2215) Bad Woerishofen 2012}) 17. Bxc5 {[%emt 0:00:23]} Nxc5 {[%emt 0:00:56]} 18. Qxc5 {[%emt 0:00:37]} Be6 {[%emt 0:12:07]} 19. a4 {[%emt 0:19:30]} Rac8 {[%emt 0:05:09]} 20. Rdc1 {[%emt 0:06:02][%cal Bd1c1,Bc1c2,Bc2d2][%mdl 32]} (20. Ng5 {with more complications.} Bg4 21. Bf3 Bd7 22. Be2) 20... Qb8 {[%emt 0:02:34]} 21. Bf1 {[%emt 0:03:36]} Bg4 {[%emt 0:03:03]} 22. Nd2 {[%emt 0:00:38]} Bf8 {[%emt 0:05:40]} (22... Bh6 $5 {[%cal Rh6d2]} 23. Rc2 Rcd8 $11) 23. Qc3 {[%emt 0:01:40]} Bh6 {[%emt 0:00:28]} 24. Rc2 {[%emt 0:02:17]} Bxd2 {[%emt 0:00:34]} 25. Rxd2 {[%emt 0:01:18]} Qb6 {[%emt 0:09:07]} (25... c5 $1 $14) 26. a5 {[%emt 0:03:20]} Qc7 {[%emt 0:01:09]} 27. h3 $36 {[%emt 0:00:45][%mdl 2048] White is in control. White is more active.} Be6 {[%emt 0:00:38]} 28. Qc5 {[%emt 0:05:19]} Rcd8 {[%emt 0:04:41]} 29. Rbd1 {[%emt 0:00:27]} Rxd2 {[%emt 0:00:16]} 30. Rxd2 {[%emt 0:00:06]} Qe7 {[%emt 0:00:57] [#]} 31. Rd6 $1 {[%emt 0:02:16]} ({Not} 31. Qxc6 Rc8 32. Qb5 Qc7 $14) ({Weaker is} 31. Qxe5 Qxb4 32. Rb2 Qe1 $11) 31... Rd8 $2 {[%emt 0:00:42]} (31... Bd7 32. h4 h5) 32. Rxd8+ $18 {[%emt 0:01:02]} Qxd8 {[%emt 0:00:07]} 33. Qxa7 {[%emt 0:00:12][%mdl 4096] Endgame Black must now prevent a6. KQB-KQB} Qd1 {[%emt 0:01:46]} 34. Kg2 $2 {[%emt 0:01:12]} ({Less strong is} 34. Qb8+ Kg7 $18) ({White has to play} 34. Qa8+ $18 Kg7 35. Qxc6) 34... Bxh3+ $1 $14 {[%emt 0:00:37][%mdl 64] Decoy} 35. Kxh3 {[%emt 0:00:05]} Qxf1+ {[%emt 0:00:10] KQ-KQ} 36. Kh2 {[%emt 0:00:07] Hoping for Qb8+.} h5 $1 {[%emt 0:00:48]} 37. Qb6 {[%emt 0:02:17]} h4 {[%emt 0:00:27]} (37... Qe1 $14) 38. gxh4 $16 {[%emt 0:00:36] Threatens to win with a6.} Qc1 $2 {[%emt 0:00:44][%mdl 8192] [#] This move loses the game for Black.} (38... Qe1 $16) 39. Qb8+ $1 $18 {[%emt 0:02:25]} Kh7 {[%emt 0:00:17]} 40. Qxe5 {[%emt 0:00:16] Qf6 is the strong threat.} Qd2 {[%emt 0:00:28]} 41. Qf6 {[%emt 0:06:15][%csl LRc6,LRf7]} Qxb4 {[%emt 0:01:44]} (41... Kg8 $18 42. a6 Qa2 43. Qd8+ Kh7) 42. Qxf7+ {[%emt 0:00:14]} Kh6 {[%emt 0:01:27]} 43. Qf4+ {[%emt 0:00:35]} (43. a6 $142 Qxe4 44. Qf6 Kh7 45. a7 Qe8 46. Qf4 Qh8 47. Qb8 Qd4 48. Kg3) 43... Kh7 {[%emt 0:00:51]} 44. a6 {[%emt 0:01:17] White mates.} Qe7 {[%emt 0:15:07]} 45. e5 {[%emt 0:00:16][%cal Be4e5,Be5e6][%mdl 32]} Qa7 {[%emt 0:01:00]} 46. e6 {Weighted Error Value: White=0.20 (precise) /Black=0.69} 1-0

[Event "Swedish Elitserien 2021-22"]
[Site "Sodertalje"]
[Date "2022.05.15"]
[Round "9.13"]
[White "Andersson, Fredrik"]
[Black "Malesevic, Nedeljko"]
[Result "1/2-1/2"]
[WhiteElo "2270"]
[BlackElo "2207"]
[Annotator "TA"]
[PlyCount "43"]
[EventDate "2022.05.13"]
[EventType "team-tourn"]
[EventCountry "SWE"]
[SourceTitle "playchess.com"]
[Source "ChessBase"]
[SourceQuality "1"]

{[%evp 22,43,49,46,58,58,44,55,82,39,54,52,50,34,40,27,47,20,22,25,36,42,29,29]} 1. e4 {[%emt 0:00:02]} c6 {[%emt 0:00:08]} 2. d4 {[%emt 0:00:16]} d5 {[%emt 0:00:10]} 3. Nd2 {[%emt 0:00:18][%cal Bb1d2,Bd2e4,Be4g5][%mdl 32]} dxe4 {[%emt 0:00:14]} 4. Nxe4 {[%emt 0:00:06]} Nd7 {[%emt 0:00:15]} 5. Ng5 {[%emt 0:04:28]} Ngf6 {[%emt 0:00:29]} 6. Bd3 {[%emt 0:01:28]} e6 {[%emt 0:01:12]} 7. N1f3 {[%emt 0:01:38]} Bd6 8. Qe2 {[%emt 0:14:34]} h6 9. Ne4 {[%emt 0:12:04]} Nxe4 10. Qxe4 {[%emt 0:00:55]} Nf6 11. Qe2 {[%emt 0:02:02]} c5 12. dxc5 {[%emt 0:22:33]} Bxc5 {B17: Caro-Kann: Modern Line (4...Nd7).} 13. Bd2 {[%emt 0:13:15]} Qc7 14. O-O-O {[%emt 0:31:59]} a6 {[%emt 0:05:21] White is slightly better.} 15. Bc3 {[%emt 0:10:23]} Bd7 {[%emt 0:04:40] [#]} 16. Kb1 $146 {[%emt 0:09:39]} ({Predecessor:} 16. Ne5 Bc6 17. f4 O-O-O 18. Rhf1 Bd4 19. Nxf7 Qxf7 20. Bc4 Nd5 21. Bxd4 Nxf4 22. Qe3 Nxg2 23. Bxe6+ Kb8 24. Qg3+ {1-0 (22) Wu,C (2274)-Musgrove,C Orlando 2014}) 16... Bc6 {[%emt 0:08:47]} 17. Bc4 {[%emt 0:04:47]} Qe7 {[%emt 0:07:43]} 18. Ne5 {[%emt 0:01:42]} Bd5 {[%emt 0:01:58]} 19. Ng4 {[%emt 0:03:03]} Nxg4 {[%emt 0:10:13]} 20. Qxg4 {[%emt 0:00:30]} Bxc4 {[%emt 0:00:16]} 21. Qxc4 {[%emt 0:01:05]} O-O {[%emt 0:00:45]} 22. Qg4 {[%emt 0:04:24] Weighted Error Value: White=0.09 (flawless) /Black=0.08 (flawless)} 1/2-1/2

[Event "Swedish Elitserien 2021-22"]
[Site "Sodertalje"]
[Date "2022.05.15"]
[Round "9.14"]
[White "Krantz, Christopher"]
[Black "Henriksson, Johan"]
[Result "1/2-1/2"]
[WhiteElo "2252"]
[BlackElo "2246"]
[Annotator "TA"]
[PlyCount "97"]
[EventDate "2022.05.13"]
[EventType "team-tourn"]
[EventCountry "SWE"]
[SourceTitle "playchess.com"]
[Source "ChessBase"]
[SourceQuality "1"]

{[%evp 12,97,0,0,40,17,25,15,24,14,31,21,19,31,70,87,87,68,98,82,78,57,64,63,64,47,56,45,120,128,140,68,68,71,84,39,44,23,24,25,111,14,14,14,14,7,17,10,14,0,6,0,21,0,26,19,20,19,19,0,41,0,14,14,15,10,994,859,6131,0,0,0,62,73,81,81,81,81,81,81,81,0,81,0,82,0,90,0]} 1. d4 {[%emt 0:00:02]} d5 {[%emt 0:00:07]} 2. Bf4 {[%emt 0:00:06]} e6 {[%emt 0:00:15]} 3. e3 {[%emt 0:00:11]} Bd6 {[%emt 0:00:23]} 4. Bg3 {[%emt 0:00:07]} Nf6 {[%emt 0:01:01]} 5. Nd2 {[%emt 0:00:18]} c5 {[%emt 0:00:57]} 6. c3 {[%emt 0:00:22]} Nc6 {[%emt 0:01:51]} 7. Ngf3 {[%emt 0:00:22]} a6 {[%emt 0:08:54] D02: 1 d4 d5 2 Nf3 sidelines, including 2...Nf6 3 g3 and 2...Nf6 3 Bf4.} 8. Bd3 {[%emt 0:01:58]} b6 {[%emt 0:02:03]} 9. Qe2 {[%emt 0:06:24]} Bb7 {[%emt 0:02:17] The position is equal.} 10. Rd1 {[%emt 0:01:54]} Qc7 {[%emt 0:14:14] [#]} 11. dxc5 $146 {[%emt 0:17:24]} ({Predecessor:} 11. Bxd6 Qxd6 12. e4 dxe4 13. Nxe4 Nxe4 14. Bxe4 cxd4 15. Nxd4 Qc7 16. Nf5 exf5 17. Bxc6+ Kf8 18. Rd7 Qxd7 19. Bxd7 Bxg2 20. Rg1 Bd5 21. Qe5 {1-0 (21) Lenderman,A (2618)-Mucobega,J (2248) Chess.com INT 2016}) 11... bxc5 {[%emt 0:06:10]} 12. e4 {[%emt 0:00:20] Strongly threatening Bxd6.} dxe4 {[%emt 0:03:16]} 13. Nxe4 {[%emt 0:02:20]} (13. Bxd6 {feels hotter.} Qxd6 14. Nxe4 Nxe4 15. Bxe4 Qe7 16. O-O) 13... Nxe4 {[%emt 0:01:17]} 14. Bxe4 {[%emt 0:00:56]} Rd8 {[%emt 0:07:30]} 15. Bxd6 {[%emt 0:09:30]} (15. Rxd6 {with more complications.} Rxd6 16. O-O O-O 17. Bxh7+ Kxh7 18. Qe4+) 15... Rxd6 {[%emt 0:00:05]} 16. Rxd6 {[%emt 0:01:13]} Qxd6 {[%emt 0:00:07]} 17. O-O {[%emt 0:00:35]} O-O {[%emt 0:04:07]} 18. Rd1 {[%emt 0:00:19]} Qc7 {[%emt 0:08:11]} 19. h3 {[%emt 0:03:00]} Rd8 {[%emt 0:01:55]} (19... h6 $14) 20. Rxd8+ $16 {[%emt 0:03:42]} Nxd8 {[%emt 0:02:15] [#]} 21. Ne5 $1 {[%emt 0:06:35][%mdl 512]} Bxe4 {[%emt 0:04:41]} (21... f6 22. Nd3) 22. Qxe4 $14 {[%emt 0:00:32][%cal Oe4a8][%mdl 4096] Endgame KQN-KQN} f6 {[%emt 0:01:00]} 23. Nc4 {[%emt 0:07:30] Black must now prevent Qa8. White is much more active.} Qc6 {[%emt 0:02:46] Inhibits Qa8.} 24. Qxc6 {[%emt 0:08:30]} Nxc6 {[%emt 0:00:04] KN-KN} 25. f4 {[%emt 0:00:14]} Kf7 {[%emt 0:04:46] [#]} (25... Kf8 $11) 26. Kf2 {[%emt 0:01:18]} (26. Nd6+ $1 $16 Ke7 27. Ne4) 26... Ke7 $11 {[%emt 0:04:31]} 27. Ke3 {[%emt 0:05:07]} Kd7 {[%emt 0:00:36]} 28. g4 {[%emt 0:02:27]} Ne7 {[%emt 0:01:07]} 29. Ke4 {[%emt 0:02:26]} Kc6 {[%emt 0:01:23]} 30. Ne3 {[%emt 0:02:26]} Nd5 {[%emt 0:02:34]} 31. Nf1 {[%emt 0:04:26]} Nb6 {[%emt 0:00:48]} 32. Ne3 {[%emt 0:06:40]} h6 {[%emt 0:04:09]} 33. h4 {[%emt 0:01:30]} Nd5 {[%emt 0:04:09]} 34. Nc4 {[%emt 0:00:57]} Ne7 {[%emt 0:01:33]} 35. Ne3 {[%emt 0:02:44]} Nc8 {[%emt 0:00:45]} 36. Nc4 {[%emt 0:01:31]} Nd6+ {[%emt 0:01:01]} 37. Nxd6 {[%emt 0:00:12]} Kxd6 {[%emt 0:00:05] KP-KP} 38. b4 {[%emt 0:01:34]} g6 $2 {[%emt 0:03:18][%mdl 8192]} (38... Kc6 $11 39. a4 cxb4 40. cxb4 Kc7) 39. a4 $18 {[%emt 0:00:59] bxc5+ is the strong threat.} h5 {[%emt 0:02:01] [#]} 40. gxh5 $2 {[%emt 0:00:48]} (40. bxc5+ $1 $18 Kxc5 41. g5 fxg5 42. fxg5) 40... gxh5 $11 {[%emt 0:00:47]} 41. b5 {[%emt 0:09:25]} a5 {[%emt 0:11:10]} (41... axb5 $11 42. axb5 f5+ 43. Kd3 Kc7) 42. Ke3 $14 {[%emt 0:07:56]} f5 {[%emt 0:05:26]} 43. Kd2 {[%emt 0:04:35]} Kc7 {[%emt 0:00:16]} 44. Kd3 {[%emt 0:00:12]} Kb7 {[%emt 0:00:04]} (44... Kb6 45. Kc4 e5 46. fxe5 f4 47. Kd3 f3 48. Ke3 f2 49. Kxf2) 45. Kc4 {[%emt 0:00:19]} Kb6 {[%emt 0:00:03]} 46. Kd3 {[%emt 0:00:18]} Kb7 $1 {[%emt 0:00:03]} 47. Kc4 {[%emt 0:00:14]} Kb6 {[%emt 0:00:04]} 48. Kd3 {[%emt 0:00:07] White threatens Kc4 and mate.} Kb7 $1 {[%emt 0:00:03]} 49. Kc4 {[%emt 0:00:09] Weighted Error Value: White=0.28 (precise) /Black=0.16 (very precise)} (49. Ke3 $16) 1/2-1/2

[Event "Swedish Elitserien 2021-22"]
[Site "Sodertalje"]
[Date "2022.05.15"]
[Round "9.15"]
[White "Larsson, Anders"]
[Black "Thornert, Hakan"]
[Result "1/2-1/2"]
[WhiteElo "2234"]
[BlackElo "2184"]
[Annotator "TA"]
[PlyCount "112"]
[EventDate "2022.05.13"]
[EventType "team-tourn"]
[EventCountry "SWE"]
[SourceTitle "playchess.com"]
[Source "ChessBase"]
[SourceQuality "1"]

{[%evp 15,112,3,5,9,23,16,12,0,2,-8,-6,-9,-4,0,0,-14,-8,-18,0,0,-10,-16,23,31,33,0,0,8,17,0,10,0,0,0,0,-66,0,-86,-79,-84,-70,-114,-102,-109,-95,-103,-25,-38,-27,-52,-54,-74,-33,-74,-52,-58,-45,-105,-74,-89,-81,-110,-110,-111,-114,-158,-157,-153,-150,-250,-247,-244,-241,-237,-229,-230,-74,-74,-74,-74,-74,-74,-74,-74,-74,-74,-74,-74,-60,-60,-60,-60,-22,-22,-16,-31,-8,-23,0]} 1. e4 {[%emt 0:00:21]} c5 {[%emt 0:00:06]} 2. Nf3 {[%emt 0:00:21]} d6 {[%emt 0:00:05]} 3. Bb5+ {[%emt 0:01:59]} Bd7 {[%emt 0:03:16]} 4. a4 {[%emt 0:00:49]} Nf6 {[%emt 0:01:01]} 5. Nc3 {[%emt 0:04:22]} Nc6 {[%emt 0:00:47]} 6. O-O {[%emt 0:01:10]} g6 {[%emt 0:00:39]} 7. Re1 {[%emt 0:01:34]} Bg7 {[%emt 0:07:05]} 8. d3 {[%emt 0:02:52]} O-O {[%emt 0:00:46]} 9. h3 {[%emt 0:00:40] B31: Sicilian: 2...Nc6 3 Bb5 g6.} Ne8 {[%emt 0:03:48] [#]} 10. Bc4 $146 {[%emt 0:09:03]} ({Predecessor:} 10. Bg5 Nc7 11. Nd5 Re8 12. c3 Ne6 13. Be3 a6 14. Bc4 Na5 15. Ba2 b5 16. b4 Nb7 {½-½ (41) Roth,P (2315)-Vombek,D (2300) Austria 1996}) 10... Nc7 {[%emt 0:02:30]} 11. Ne2 {[%emt 0:12:18] The position is equal.} Be6 {[%emt 0:04:03]} 12. Nf4 {[%emt 0:05:32]} Bxc4 {[%emt 0:00:57]} 13. dxc4 {[%emt 0:03:05]} e6 {[%emt 0:17:37]} 14. Rb1 {[%emt 0:03:51]} Qe7 {[%emt 0:04:22]} 15. Nd3 {[%emt 0:04:16]} Rad8 {[%emt 0:03:23]} 16. Bg5 {[%emt 0:02:13]} Bf6 {[%emt 0:00:33]} 17. Bxf6 {[%emt 0:13:09]} Qxf6 {[%emt 0:00:09]} 18. Qe2 {[%emt 0:01:01]} Nd4 {[%emt 0:01:09]} 19. Nxd4 {[%emt 0:00:56]} Qxd4 {[%emt 0:00:05]} 20. Nf4 {[%emt 0:06:23]} (20. b3 $5 {[%cal Rb1d1]}) 20... Na6 {[%emt 0:00:43]} 21. c3 {[%emt 0:03:03]} Qf6 {[%emt 0:00:43]} 22. Qg4 {[%emt 0:02:09]} Nb8 {[%emt 0:01:15]} 23. Rbd1 {[%emt 0:03:50]} Nc6 {[%emt 0:00:51]} 24. Nd3 {[%emt 0:00:46]} b6 {[%emt 0:07:29]} 25. Re3 {[%emt 0:05:11]} (25. Nc1 $11) 25... Rd7 {[%emt 0:09:23]} (25... Na5 $15) 26. e5 {[%emt 0:05:18]} (26. Ne1 $11) 26... dxe5 $17 {[%emt 0:02:34]} 27. Rde1 {[%emt 0:00:13]} Rfd8 {[%emt 0:02:01]} 28. Nxe5 {[%emt 0:01:10]} Nxe5 {[%emt 0:00:11]} 29. Rxe5 {[%emt 0:00:01]} Rd2 {[%emt 0:00:47]} 30. R5e2 {[%emt 0:00:38]} Rxe2 {[%emt 0:02:34]} ({Black should try} 30... h5 $17 31. Qe4 Qg5) 31. Qxe2 {[%emt 0:00:21][%mdl 4096] Endgame KQR-KQR} Qf4 {[%emt 0:00:52]} 32. g3 {[%emt 0:00:45]} Qd2 {[%emt 0:08:21]} 33. Kg2 {[%emt 0:02:15]} Qd7 {[%emt 0:02:05]} 34. Qc2 {[%emt 0:01:26]} Qc6+ {[%emt 0:00:31]} 35. Kg1 {[%emt 0:00:08]} Qf3 {[%emt 0:00:43]} 36. Kh2 {[%emt 0:01:51]} ({Better is} 36. Re2 $15) 36... h5 {[%emt 0:00:46][%cal Oh5h4]} 37. h4 {[%emt 0:00:12]} Kg7 {[%emt 0:04:22]} (37... Rd3 {feels hotter.} 38. a5 bxa5 39. Qe2 Qf6) 38. Qe2 {[%emt 0:01:11]} Qxe2 {[%emt 0:00:35]} 39. Rxe2 {[%emt 0:00:02] KR-KR} Kf6 {[%emt 0:00:42]} 40. Kg2 {[%emt 0:00:47]} Rd1 {[%emt 0:00:33]} 41. b4 {[%emt 0:15:14]} Rb1 {[%emt 0:07:42]} 42. a5 {[%emt 0:05:09]} (42. bxc5 $17 bxc5 43. f4) 42... cxb4 $19 {[%emt 0:01:06]} 43. axb6 {[%emt 0:00:14]} axb6 {[%emt 0:00:22] aiming for ...b3.} 44. cxb4 {[%emt 0:00:07]} Rxb4 {[%emt 0:00:09]} 45. Rc2 {[%emt 0:00:19] [#]} Kf5 $2 {[%emt 0:04:05]} (45... Ke7 $1 $19 {Strongly threatening ...Kd6.} 46. Kf1 Kd6 47. Rd2+ Kc7) 46. c5 $17 {[%emt 0:00:31]} bxc5 {[%emt 0:00:10]} 47. Rxc5+ {[%emt 0:00:10]} e5 {[%emt 0:00:28][%cal Be6e5,Be5e4][%mdl 32]} 48. Rc7 {[%emt 0:00:55]} f6 {[%emt 0:00:11]} 49. Rc6 {[%emt 0:00:24]} Rb2 {[%emt 0:03:34]} 50. Ra6 {[%emt 0:01:43]} Rb5 {[%emt 0:06:13]} 51. Rc6 {[%emt 0:01:11]} e4 {[%emt 0:00:23]} 52. Ra6 {[%emt 0:00:46]} Re5 {[%emt 0:00:11]} 53. Rb6 {[%emt 0:01:41]} g5 {[%emt 0:03:20]} 54. hxg5 {[%emt 0:00:27]} fxg5 {[%emt 0:00:14]} 55. Ra6 {[%emt 0:01:38]} Rd5 {[%emt 0:00:18]} 56. Ra8 {[%emt 0:04:15]} Re5 {[%emt 0:01:38] Black had all chances to win.  Weighted Error Value: White=0.18 (very precise) /Black=0.16 (very precise)} 1/2-1/2

[Event "Swedish Elitserien 2021-22"]
[Site "Sodertalje"]
[Date "2022.05.15"]
[Round "9.16"]
[White "Johnson, Bjorn"]
[Black "Aronsson, Marten"]
[Result "1/2-1/2"]
[WhiteElo "2194"]
[BlackElo "2222"]
[Annotator "TA"]
[PlyCount "47"]
[EventDate "2022.05.13"]
[EventType "team-tourn"]
[EventCountry "SWE"]
[SourceTitle "playchess.com"]
[Source "ChessBase"]
[SourceQuality "1"]

{[%evp 15,47,-8,0,-1,0,-8,0,-2,0,-18,-7,-15,0,-29,-16,-18,-13,-23,-11,-18,0,0,0,-2,0,0,0,0,0,0,0,0,0,0]} 1. f4 {[%emt 0:00:03]} d5 {[%emt 0:00:25]} 2. Nf3 {[%emt 0:00:06]} g6 {[%emt 0:01:49]} 3. e3 {[%emt 0:00:18]} Bg7 {[%emt 0:00:08]} 4. d4 {[%emt 0:00:04]} Nf6 {[%emt 0:04:08]} 5. Bd3 {[%emt 0:00:08]} O-O {[%emt 0:00:16]} 6. O-O {[%emt 0:00:05]} c5 {[%emt 0:06:21]} 7. c3 {[%emt 0:00:22]} b6 {[%emt 0:00:09]} 8. Qe2 {[%emt 0:00:05]} a5 {[%emt 0:02:12]} 9. a4 {[%emt 0:00:43] A03: Bird's Opening with 1...d5.} Ba6 {[%emt 0:02:36]} 10. Bxa6 {[%emt 0:00:19]} Nxa6 {[%emt 0:00:12]} 11. b3 {[%emt 0:00:09] [#]} Qc7 $146 {[%emt 0:03:33]} ({Predecessor:} 11... Ne4 12. Bb2 e6 13. Na3 Qe7 14. Rfc1 Rfc8 15. Rc2 cxd4 16. exd4 Nc7 17. Rac1 Ne8 18. Nb5 N8d6 19. c4 Nxb5 20. cxb5 Rxc2 21. Qxc2 {1-0 (42) Klinger,J (2475)-Kallai,G (2420) Lenk 1990}) 12. Bb2 {[%emt 0:11:43]} Rfc8 {[%emt 0:05:10]} 13. Na3 {[%emt 0:01:50]} cxd4 {[%emt 0:10:42]} 14. cxd4 {[%emt 0:04:01]} Ne4 {[%emt 0:01:49]} 15. Rac1 {[%emt 0:02:53]} Qb7 {[%emt 0:00:31]} 16. Nd2 {[%emt 0:02:38]} (16. Ng5 {feels hotter.} Nb4 17. Nxe4 dxe4 18. Rxc8+ Rxc8 19. Qb5) 16... Nxd2 {[%emt 0:01:44]} 17. Qxd2 {[%emt 0:01:27] The position is equal.} Rxc1 {[%emt 0:00:14]} 18. Rxc1 {[%emt 0:00:11]} Rc8 {[%emt 0:00:29]} 19. Nb5 {[%emt 0:02:34]} Bf8 {[%emt 0:05:47]} 20. Ba3 {[%emt 0:01:02]} Qd7 {[%emt 0:00:59]} 21. h3 {[%emt 0:05:19]} e6 {[%emt 0:11:07]} 22. Bxf8 {[%emt 0:03:45]} Kxf8 {[%emt 0:00:20]} 23. Rc3 {[%emt 0:00:54]} Nb4 {[%emt 0:01:49]} 24. Kf2 {[%emt 0:06:02] A rather calm draw.  Weighted Error Value: White=0.05 (flawless) /Black=0.06 (flawless)} 1/2-1/2